[Event "Mechanics' Winter TNM; G/2"]
[Site "San Francisco"]
[Date "2017.01.10"]
[Round "2.16"]
[White "White, Benjamin M"]
[Black "Argo, Guy"]
[Result "0-1"]
[WhiteElo "1296"]
[BlackElo "1974"]
[Annotator "Donaldson"]
[PlyCount "62"]
[EventDate "2017.??.??"]

1. e4 c5 2. Nf3 g6 3. d4 cxd4 4. Nxd4 Bg7 5. Bg5 Qa5+ (5... Nc6) 6. Bd2 Qe5 7.
Qf3 $6 (7. Bd3 $11) 7... Nf6 8. Qc3 $2 (8. Bc3 Qxe4+ 9. Qxe4 Nxe4 10. Ne6 Bxc3+
11. Nxc3 Nxf2 (11... fxe6 12. Nxe4 b6 {
is less ambitious but also good for Black.}) 12. Nc7+ Kd8 13. Nxa8 Nxh1 14. g3
Nc6 15. Bg2 Nxg3 16. hxg3 h5 {intending ...h4 to activate the rook. With three
pawns for the piece and White's knight trapped on a8 Black is doing ver well.})
8... O-O 9. f3 Nxe4 10. fxe4 Qxd4 11. Qxd4 Bxd4 12. Bc3 Nc6 13. Bc4 d6 14. Nd2
Bxc3 15. bxc3 Ne5 16. Bb3 Be6 17. Nf3 Nxf3+ 18. gxf3 Rac8 19. Kd2 Rc5 20. Rag1
Rfc8 21. h4 Rxc3 22. Bxe6 Rxc2+ 23. Ke3 fxe6 24. h5 e5 25. Rd1 R8c3+ 26. Rd3
Rxd3+ 27. Kxd3 Rxa2 28. hxg6 hxg6 29. Rc1 b5 30. Rc8+ Kf7 31. Rb8 Ra3+ 0-1

[Event "Mechanics' Peter Grey TNM; G/2 d5"]
[Site "San Francisco"]
[Date "2017.08.15"]
[Round "2.40"]
[White "White, Benjamin M"]
[Black "Badgett Jr, James"]
[Result "1-0"]
[WhiteElo "1470"]
[BlackElo "918"]
[PlyCount "57"]
[EventDate "2017.??.??"]

1. e4 e5 2. f4 Nc6 3. Nf3 h6 4. fxe5 Bc5 5. d4 Bb4+ 6. c3 Ba5 7. Bc4 Bb6 8. O-O
Qe7 9. Kh1 Na5 10. b3 Nxc4 11. bxc4 c5 12. Ba3 f6 13. Nbd2 d6 14. Nh4 Qf7 15.
exd6 Bd7 16. dxc5 Ba5 17. Bb4 Bxb4 18. cxb4 O-O-O 19. Nf5 Bxf5 20. exf5 Re8 21.
Qa4 a6 22. c6 h5 23. d7+ Kb8 24. dxe8=Q+ Qxe8 25. c7+ Ka7 26. Qxe8 Rh7 27. c8=Q
g5 28. Qb8+ Kb6 29. c5# 1-0

[Event "Mechanics' Summer TNM; G/2 d5"]
[Site "San Francisco"]
[Date "2017.06.13"]
[Round "4.40"]
[White "White, Benjamin M"]
[Black "Badgett Jr, James"]
[Result "1-0"]
[WhiteElo "1466"]
[BlackElo "940"]
[PlyCount "43"]
[EventDate "2017.??.??"]

1. e4 d5 2. exd5 Qxd5 3. Nc3 Qa5 4. d4 Nf6 5. Bd2 a6 6. Nf3 Nc6 7. Bd3 e5 8.
Ne4 Bb4 9. Nxf6+ gxf6 10. c3 Bd6 11. Qe2 Be6 12. c4 Qb6 13. d5 Qxb2 14. O-O
Bxd5 15. cxd5 Ne7 16. Rfb1 Qa3 17. Rxb7 Nxd5 18. Bxa6 Nf4 19. Bxf4 O-O 20. Bh6
Rfd8 21. Nxe5 Bxe5 22. Qg4+ 1-0

[Event "Mechanics' Winter TNM; G/2"]
[Site "San Francisco"]
[Date "2017.01.03"]
[Round "1.21"]
[White "White, Benjamin M"]
[Black "Boldi, Ethan"]
[Result "1-0"]
[WhiteElo "1296"]
[BlackElo "1850"]
[PlyCount "53"]
[EventDate "2017.??.??"]

1. e4 e6 2. d4 d5 3. e5 c5 4. c3 Nc6 5. Nf3 Qb6 6. b3 cxd4 7. cxd4 Bb4+ 8. Ke2
Bd7 9. a3 Be7 10. Bb2 Na5 11. Nbd2 Nxb3 $2 12. Qxb3 Qc7 13. Rc1 Bc6 14. g3 Nh6
15. h4 O-O-O 16. Bh3 Kb8 17. Rc3 Qd7 18. Rhc1 Rc8 19. Qc2 Bd8 20. Nb3 Bb5+ 21.
Kd1 Bc4 22. Nfd2 b5 23. Nc5 Qe7 24. Bg2 Bb6 25. Nxc4 bxc4 26. Rxc4 dxc4 27.
Na6# 1-0

[Event "Mechanics' Summer TNM; G/2 d5"]
[Site "San Francisco"]
[Date "2017.07.18"]
[Round "8.26"]
[White "White, Benjamin M"]
[Black "Brown, Nicholas M"]
[Result "1-0"]
[WhiteElo "1466"]
[BlackElo "1551"]
[Annotator "Donaldson"]
[PlyCount "33"]
[EventDate "2017.??.??"]

1. e4 c6 2. d4 d5 3. Nc3 dxe4 4. Nxe4 Nd7 5. Nf3 Ngf6 6. Bd3 e6 7. Bg5 Be7 8.
Qd2 h6 9. Bf4 Nxe4 10. Bxe4 Nf6 11. Bd3 O-O 12. Bxh6 gxh6 13. Qxh6 Qa5+ 14. c3
{Diagram [#]} Rd8 $4 (14... Qh5 $1 $17) 15. Ng5 $1 Rxd4 16. Bh7+ Kh8 17. Nxf7#
1-0

[Event "Mechanics' Winter TNM; G/2"]
[Site "San Francisco"]
[Date "2017.02.14"]
[Round "7.33"]
[White "White, Benjamin M"]
[Black "Casares Jr., Nick"]
[Result "1/2-1/2"]
[WhiteElo "1296"]
[BlackElo "1600"]
[Annotator "Donaldson"]
[PlyCount "79"]
[EventDate "2017.??.??"]

1. e4 e5 2. Nf3 Nc6 3. Bc4 Nf6 4. Ng5 Bc5 5. Nxf7 (5. Bxf7+ Ke7 6. Bd5) 5...
Bxf2+ 6. Kf1 Qe7 7. Nxh8 d5 8. Bxd5 Bg4 9. Kxf2 Bxd1 10. Rxd1 Nxd5 11. exd5 Nd4
12. Na3 O-O-O 13. c3 Qf6+ 14. Ke3 Nb3 $2 (14... Rf8 $1) 15. axb3 Qf4+ 16. Kd3
Qf5+ 17. Ke3 Rxd5 18. d4 Qf4+ 19. Kd3 Qf5+ 20. Kc4 e4 21. Bf4 $2 {Diagram [#]}
(21. b4 Qe6 22. Kb3 Rxd4+ 23. Kc2) 21... Ra5 (21... Qe6 $1) 22. d5 Qxf4 23. b4
b5+ 24. Nxb5 (24. Kb3 Ra6 25. Rd4 Qf5 26. Re1) 24... e3+ $2 (24... Rxa1 25.
Rxa1 e3+) 25. Rd4 Rxa1 26. Rxf4 e2 27. Nxa7+ Kd7 28. Re4 e1=Q 29. Rxe1 Rxe1 30.
Nf7 h6 31. Nc6 Re2 32. Nfe5+ Kd6 33. Kd4 Rd2+ 34. Ke4 Rxd5 35. c4 Rd2 36. Kf5
Rxb2 37. c5+ Kd5 38. Ne7+ Kd4 39. N7c6+ (39. Ke6 Rxg2 40. N7c6+ Ke4 41. Kd7 {
wins.}) 39... Kd5 40. Ne7+ 1/2-1/2

[Event "Mechanics' Spring TNM; G/2"]
[Site "San Francisco"]
[Date "2017.03.14"]
[Round "1.26"]
[White "White, Benjamin M"]
[Black "Clemens, Kristian"]
[Result "0-1"]
[WhiteElo "1296"]
[BlackElo "1875"]
[PlyCount "82"]
[EventDate "2017.??.??"]

1. e4 e5 2. f4 exf4 3. Nf3 d5 4. exd5 Nf6 5. c4 Bc5 6. d4 Bb4+ 7. Nc3 O-O 8.
Bd3 Re8+ 9. Ne5 c5 10. dxc6 Nxc6 11. Be2 Nxd4 12. Bxf4 Ne4 13. O-O Bxc3 14.
Nxf7 Qb6 15. Be3 Qxb2 16. Bh5 g6 17. Rb1 Nf5 18. Rxb2 Nxe3 19. Nh6+ Kh8 20. Qa4
Be6 21. Bxg6 hxg6 22. Rfb1 Bxb2 23. Rxb2 Rf8 24. Rb1 Nc3 25. Qa3 Nxb1 26. Qxe3
Rae8 27. Ng4 Rf1+ 28. Kxf1 Bxc4+ 29. Kf2 Rxe3 30. Kxe3 Bxa2 31. h4 Be6 32. Ne5
Kg7 33. g4 a5 34. g5 a4 35. Nd3 a3 36. Nb4 a2 37. Nc2 Bf5 38. Na1 Na3 39. Kd4
Nc2+ 40. Kc3 Nxa1 41. Kb2 Nc2 0-1

[Event "Mechanics' Peter Grey TNM; G/2 d5"]
[Site "San Francisco"]
[Date "2017.10.03"]
[Round "9.38"]
[White "White, Benjamin M"]
[Black "Erdenebileg, Dashzveg"]
[Result "1-0"]
[WhiteElo "1470"]
[BlackElo "991"]
[PlyCount "52"]
[EventDate "2017.??.??"]

1. e4 e5 2. f4 exf4 3. Nf3 Bc5 4. d4 Be7 5. Nc3 Bh4+ 6. Ke2 d6 7. Bxf4 Bg4 8.
h3 Bd7 9. g3 Bf6 10. Kf2 Nc6 11. Bc4 h6 12. Qd2 a6 13. Nd5 Nge7 14. Nxf6+ gxf6
15. Bxh6 Be6 16. d5 Ne5 17. Nxe5 Bd7 18. Ng4 Ng8 19. Bg7 Rh7 20. Bh6 Nxh6 21.
Nxh6 Qe7 22. Ng8 Qe5 23. Qc3 O-O-O 24. Nxf6 Qxc3 25. bxc3 Rh6 26. Nxd7 Kxd7 1-0

[Event "Mechanics' Summer TNM; G/2 d5"]
[Site "San Francisco"]
[Date "2017.05.30"]
[Round "2.25"]
[White "White, Benjamin M"]
[Black "Jensen, Christian"]
[Result "1/2-1/2"]
[WhiteElo "1466"]
[BlackElo "1856"]
[Annotator "Donaldson"]
[PlyCount "84"]
[EventDate "2017.??.??"]

1. e4 c5 2. Nf3 d6 3. d4 cxd4 4. Nxd4 Nf6 5. Nc3 g6 6. Bg5 Bg7 7. Bc4 O-O 8.
Qd2 Nxe4 9. Nxe4 d5 10. Bxe7 Qxe7 11. Bxd5 Bf5 12. Nxf5 gxf5 13. Qg5 Qb4+ 14.
c3 Qxb2 15. Nf6+ Kh8 16. O-O Qxc3 {Diagram [#]} 17. Nxh7 $1 Kxh7 18. Qxf5+ Kg8
19. Bxb7 Nc6 20. Bxa8 Rxa8 21. Rac1 Qa5 22. Qe4 Qxa2 23. Qxc6 Rf8 24. Qc4 Qa3
25. Qg4 a5 26. Rc8 Rxc8 27. Qxc8+ Kh7 28. Qc2+ Kg8 29. Rb1 a4 30. Rb8+ Bf8 31.
g3 Qa1+ 32. Kg2 Qe5 33. Rxf8+ Kxf8 34. Qxa4 Qd5+ 35. Kg1 Qb7 36. Qf4 Qb1+ 37.
Kg2 Qb7+ 38. Qf3 Qd7 39. h4 Kg7 40. Qh5 Qc6+ 41. Kh3 $4 (41. Kh2) 41... Qh1+
42. Kg4 Qe4+ 1/2-1/2

[Event "Mechanics' Peter Grey TNM; G/2 d5"]
[Site "San Francisco"]
[Date "2017.09.12"]
[Round "6.29"]
[White "White, Benjamin M"]
[Black "Krasnov, Steven"]
[Result "0-1"]
[WhiteElo "1470"]
[BlackElo "2028"]
[Annotator "Donaldson"]
[PlyCount "54"]
[EventDate "2017.??.??"]

1. e4 c5 2. d4 cxd4 3. c3 dxc3 4. Nxc3 Nc6 5. Nf3 d6 6. Bb5 (6. Bc4) 6... Bd7
7. O-O Nf6 8. Bg5 e6 9. Re1 h6 10. Bh4 a6 11. Ba4 b5 12. Bb3 Rb8 13. a3 Na5 14.
e5 dxe5 15. Nxe5 Be7 {Diagram [#]} 16. Bxf6 $2 (16. Qf3 $1 Nxb3 17. Rad1 O-O
18. Bxf6 Bxf6 19. Nxd7 $16) 16... Bxf6 17. Qxd7+ Qxd7 18. Nxd7 Kxd7 19. Rad1+
Kc7 20. Ba2 Rhd8 21. Rc1 Kb6 22. b4 Nc6 23. Ne4 Bb2 24. Rc2 Bxa3 25. Nc5 Bxb4
26. Nxa6 Bxe1 27. Nxb8 Rxb8 0-1

[Event "Mechanics' Winter TNM; G/2"]
[Site "San Francisco"]
[Date "2017.02.07"]
[Round "6.29"]
[White "White, Benjamin M"]
[Black "Kulkarni, Sukhada"]
[Result "0-1"]
[WhiteElo "1296"]
[BlackElo "1763"]
[PlyCount "42"]
[EventDate "2017.??.??"]

1. e4 e5 2. Nf3 Nc6 3. Bc4 Bc5 4. d3 Nf6 5. Bg5 h6 6. Bh4 O-O 7. c3 Be7 8. Nbd2
d6 9. d4 exd4 10. cxd4 Nxe4 11. g3 Nxd2 12. Qxd2 Bg4 13. Qf4 Bxf3 14. Qxf3 Nxd4
15. Qd3 c5 16. O-O-O d5 17. Bxe7 Qxe7 18. Bxd5 $2 {Diagram [#]} Qg5+ 19. Kb1
Qxd5 20. Rhe1 Rfe8 21. b4 b6 0-1

[Event "Mechanics' Spring TNM; G/2"]
[Site "San Francisco"]
[Date "2017.04.04"]
[Round "4.38"]
[White "White, Benjamin M"]
[Black "Morgan, Jerry D"]
[Result "0-1"]
[WhiteElo "1296"]
[BlackElo "1561"]
[PlyCount "58"]
[EventDate "2017.??.??"]

1. e4 Nf6 2. Nc3 e5 3. f4 d5 4. exd5 Nxd5 5. fxe5 Nxc3 6. Qf3 Nd5 7. Bc4 Qh4+
8. Qf2 Qxc4 9. d4 Bb4+ 10. Bd2 Qxc2 11. Nf3 Qxb2 12. O-O Bxd2 13. Nxd2 O-O 14.
Rae1 Nc6 15. Re4 Qc3 16. Nf3 Bf5 17. Rh4 Qe3 18. Ng5 Qxf2+ 19. Rxf2 Bg6 20. Rf3
Nce7 21. Nxh7 Nf5 22. Rhh3 Bxh7 23. Rh5 Bg6 24. Rg5 Nxd4 25. Rh3 Ne2+ 26. Kh1
Ndf4 27. Rh4 Rad8 28. h3 c5 29. g3 Ne6 0-1

[Event "Mechanics' Fall TNM; G/2 d5"]
[Site "San Francisco"]
[Date "2017.11.14"]
[Round "4.8"]
[White "Whitehead, Paul"]
[Black "MacIntyre, Brendan"]
[Result "1-0"]
[WhiteElo "2352"]
[BlackElo "1560"]
[PlyCount "97"]
[EventDate "2017.??.??"]

1. e4 c5 2. Nf3 Nc6 3. d3 g6 4. g3 Bg7 5. Bg2 Nf6 6. O-O d6 7. Nc3 Bd7 8. h3
O-O 9. Be3 Qc8 10. Kh2 Re8 11. Qd2 b5 12. Nxb5 Rb8 13. c4 a6 14. Nc3 Qb7 15. b3
Qc8 16. d4 cxd4 17. Nxd4 Nxd4 18. Bxd4 Bc6 19. Rac1 Qe6 20. Rce1 Qc8 21. Nd5
Bxd5 22. cxd5 Qb7 23. Rc1 Qb5 24. Rc4 h5 25. Rfc1 e5 26. Be3 Bf8 27. Bf1 a5 28.
Ra4 Qd7 29. f3 Rec8 30. Rxc8 Qxc8 31. Bc4 Nd7 32. Rxa5 Nb6 33. Bb5 Qc7 34. Bc6
Nc8 35. b4 Be7 36. h4 Nb6 37. Qd3 Qd8 38. a3 Kg7 39. Ra7 g5 40. Rxe7 Qxe7 41.
Bxg5 f6 42. Bc1 Rc8 43. Qe3 Rb8 44. Qh6+ Kg8 45. Qxh5 Nc4 46. Qg6+ Kh8 47. g4
f5 48. Bg5 Qg7 49. Bf6 1-0

[Event "Mechanics' Fall TNM; G/2 d5"]
[Site "San Francisco"]
[Date "2017.12.05"]
[Round "7.1"]
[White "Whitehead, Paul"]
[Black "Stearman, Josiah P"]
[Result "1-0"]
[WhiteElo "2352"]
[BlackElo "2320"]
[Annotator "Whitehead, Paul"]
[PlyCount "113"]
[EventDate "2017.??.??"]

1. e4 c5 2. Nf3 Nc6 3. Bb5 g6 4. O-O Bg7 5. Re1 Nf6 6. Nc3 O-O 7. Bxc6 dxc6 8.
e5 Nd5 9. Ne4 b6 10. h3 Qc7 11. d3 f5 12. Ng3 f4 13. Ne4 Bxe5 $6 14. Nxc5 Bg7
15. Ne6 Bxe6 16. Rxe6 Rad8 17. Rb1 c5 18. Qe2 Qd7 19. Re4 $16 e5 20. Bd2 Rf5
21. Re1 Re8 22. Bc3 Qc8 23. Qd1 Qc7 24. R1e2 Bf6 25. Qe1 Kg7 26. a3 (26. Bxe5
Bxe5 27. Rxe5 Rfxe5 28. Rxe5 Rxe5 29. Qxe5+ (29. Nxe5 $18 {editor)}) 29... Qxe5
30. Nxe5 Nb4 $11) 26... a5 $2 (26... Nxc3 $16) 27. Bxe5 Bxe5 28. Rxe5 Rfxe5 29.
Rxe5 Rxe5 30. Qxe5+ Qxe5 31. Nxe5 a4 32. c4 Ne7 33. Kf1 Nc8 34. Ke2 Kf6 35. Nf3
Nd6 36. Nd2 Nf5 37. Nb1 Nd4+ 38. Kf1 Nb3 39. Nc3 Nc1 40. Nxa4 Nxd3 41. Ke2 Nc1+
42. Kd2 Nb3+ 43. Kd3 Ke5 44. Nxb6 g5 45. Nd7+ Kd6 46. Nf6 h6 47. Ng4 h5 48. Nf6
Ke5 49. Nxh5 Nc1+ 50. Kd2 Nb3+ 51. Kc3 Nd4 52. b4 cxb4+ 53. axb4 Ne2+ 54. Kd3
Nd4 55. Ng7 Nc6 56. b5 Ne7 57. Ne8 {White won on time a few moves later} 1-0

[Event "Mechanics' Fall TNM; G/2 d5"]
[Site "San Francisco"]
[Date "2017.12.19"]
[Round "9.43"]
[White "Wingenroth, Jordan"]
[Black "Allen, Tom"]
[Result "1-0"]
[WhiteElo "1428"]
[BlackElo "1400"]
[Annotator "Donaldson"]
[PlyCount "95"]
[EventDate "2017.??.??"]

1. c4 e5 2. Nc3 Nf6 3. e4 Bc5 4. d3 Nc6 5. h3 O-O 6. Nf3 d6 7. Be2 h6 8. O-O
Be6 9. Be3 Nd4 10. Bxd4 Bxd4 11. Nxd4 exd4 12. Nd5 Nxd5 13. cxd5 Bd7 14. Qb3 b6
15. Qc4 Qg5 16. f4 Qf6 17. Qxc7 Qe7 18. Bg4 Rfd8 19. Bxd7 Rxd7 20. Qc2 Rc7 21.
Qd2 Rac8 22. Rac1 Rc5 23. Rxc5 Rxc5 24. Rc1 f5 25. Rxc5 bxc5 26. Qe2 fxe4 27.
dxe4 c4 $1 28. e5 dxe5 29. fxe5 d3 30. Qe3 d2 $2 (30... Qb4 {
to support the d-pawn's advance should hold.} 31. e6 d2 32. Qe2 c3 33. e7 Qxe7
34. Qxe7 d1=Q+ 35. Kh2 c2 36. Qe6+ Kh7 37. Qf5+ $11) 31. Qxd2 Qxe5 32. d6 Qc5+
33. Kh1 Qc8 34. d7 Qd8 35. Qd4 Kf7 36. Qxc4+ Ke7 37. Qc8 Qxd7 38. Qxd7+ Kxd7
39. Kg1 Kd6 40. Kf2 Ke5 41. Ke3 g5 42. b4 Kd5 43. Kd3 Ke5 44. g3 Kd5 45. a4 Ke5
46. a5 Kd6 47. Kd4 Kc6 48. Kc4 1-0

[Event "Mechanics' Fall TNM; G/2 d5"]
[Site "San Francisco"]
[Date "2017.12.05"]
[Round "7.47"]
[White "Wingenroth, Jordan"]
[Black "Cowgill, Jackie"]
[Result "1-0"]
[WhiteElo "1428"]
[BlackElo "971"]
[PlyCount "85"]
[EventDate "2017.??.??"]

1. e4 e5 2. Nf3 Nc6 3. Bc4 Bc5 4. a3 Nf6 5. d3 O-O 6. O-O Ne7 7. Nxe5 d5 8.
exd5 Nfxd5 9. Bxd5 Nxd5 10. c4 Nf6 11. Be3 Be7 (11... Bd4) 12. Nc3 c6 13. Re1
Be6 14. h3 Qc7 15. Nf3 Rad8 16. Qc2 Rfe8 17. Rad1 b6 18. Ne4 h6 19. Qc3 Nh7 20.
b4 Bf6 21. Nxf6+ Nxf6 22. Bxh6 Bf5 23. Bg5 Rxe1+ 24. Nxe1 Qd6 25. Bxf6 Qxf6 26.
Qxf6 gxf6 27. d4 Be6 28. c5 bxc5 29. bxc5 f5 30. Nc2 a5 31. Rd2 Kg7 32. Kh2 Kg6
33. Kg3 Kh5 34. Kf4 Rg8 35. Ne3 Kg6 36. d5 cxd5 37. Nxd5 Rb8 38. Ke5 Rb3 39.
Nf4+ Kg5 40. Rd8 Kh6 41. Rg8 Rxa3 42. Kf6 Rc3 43. Rh8# 1-0

[Event "Mechanics' Fall TNM; G/2 d5"]
[Site "San Francisco"]
[Date "2017.11.28"]
[Round "6.44"]
[White "Wingenroth, Jordan"]
[Black "Zulkhuu, Jamyandagva"]
[Result "0-1"]
[WhiteElo "1428"]
[BlackElo "935"]
[Annotator "Donaldson"]
[PlyCount "74"]
[EventDate "2017.??.??"]

1. d4 d5 2. c4 Nf6 3. c5 $2 Nc6 4. Nf3 Bf5 5. Nh4 Be4 6. Nc3 e6 7. Bg5 Be7 8.
e3 a6 9. Bd3 Bxd3 10. Qxd3 Nh5 11. Bxe7 Qxe7 12. Nf3 O-O 13. a3 Nf6 14. h3 h6
15. O-O Rfe8 16. Rfe1 Rad8 17. b4 e5 18. dxe5 Nxe5 19. Nxe5 Qxe5 20. Rad1 c6
21. a4 Ne4 22. Nxe4 dxe4 23. Qc4 Rxd1 24. Rxd1 Qc7 25. b5 axb5 26. axb5 Qa5 27.
Rd7 Rf8 28. Rxb7 Qa1+ 29. Kh2 Qe5+ 30. g3 cxb5 31. Rxb5 Qa1 32. Qxe4 Ra8 33. c6
Qe1 34. Kg2 Qc1 35. c7 (35. Rb7 {was an easy win.}) 35... Rc8 36. Rb8 Qxc7 37.
Qa8 $4 Rxb8 0-1